Istorija v sovremennoj ideologičeskoj bor´be : (Stroitel´stvo socializma v SSSR skvoz´ prizmu antikommunističeskoj istoriografii SŠA) /
Uložené v:
| Hlavný autor: | |
|---|---|
| Médium: | Kniha |
| Jazyk: | Russian |
| Vydané: |
Moskva :
Mysl´,
1972.
|
| Vydanie: | 1. izd. |
| Edícia: | Istorija i sovremennost´
|
| ISBN: |
(brož.) |
| Fyzický popis: |
229 s. |
| Tagy: |
Pridať tag
Žiadne tagy, Buďte prvý kto otaguje tento záznam!
|
Titul je dostupný aj v ... 

MARC
| LEADER | 00000nam a22000001a 4500 | ||
|---|---|---|---|
| 001 | 000428613 | ||
| 005 | 20130721170344.0 | ||
| 008 | 031101s1972 xxr e rus d | ||
| 020 | |a (brož.) |c Kčs 3,30 | ||
| 040 | |a SVKKK |b slo |c SVKKK |e AACR2 | ||
| 041 | 0 | |a rus | |
| 044 | |a ru |c RU | ||
| 100 | 1 | |a Maruškin, Boris Il´jič |4 aut | |
| 245 | 1 | 0 | |a Istorija v sovremennoj ideologičeskoj bor´be : |b (Stroitel´stvo socializma v SSSR skvoz´ prizmu antikommunističeskoj istoriografii SŠA) / |c Boris Il´jič Maruškin. |
| 250 | |a 1. izd. | ||
| 260 | |a Moskva : |b Mysl´, |c 1972. | ||
| 300 | |a 229 s. | ||
| 490 | 1 | |a Istorija i sovremennost´ | |
| 830 | 0 | |a Istorija i sovremennost´ | |
| 910 | |a svkkk | ||
| 998 | |a BK | ||
| 090 | |g SCKHL |k Sklad Hlavná 10 suterén |a I.41796 |j 492648 |i 428613-10 |4 Zastaraná |s Vyradená | ||